Dôchodkové zabezpečenie. Dôchodkové systémy

Pripravované reformy dôchodkového zabezpečenia.

Gespeichert in:
Bibliographische Detailangaben
1. Verfasser: Rievajová, Eva
Format: Buchkapitel
Sprache:Slowakisch
Schlagworte:
Tags: Tag hinzufügen
Keine Tags, Fügen Sie das erste Tag hinzu!

MARC

LEADER 00000naa a2200000 4500
001 0299551
005 20240502092457.0
041 0 |a slo 
044 |a SK 
245 1 0 |a Dôchodkové zabezpečenie. Dôchodkové systémy  |c Eva Rievajová 
520 |a Pripravované reformy dôchodkového zabezpečenia. 
610 2 0 |a dôchodok čistý 
610 2 0 |a dôchodok hrubý 
610 2 0 |a dôchodok národný 
610 2 0 |a reformy 
610 2 0 |a reformy dôchodkové 
610 2 0 |a poistenie dôchodkové 
610 2 0 |a poistenie dôchodkové doplnkové 
610 2 0 |a poistenie dôchodkové individuálne 
100 1 |a Rievajová, Eva